000
00260nam a22001217a 4500
003
SGT
082
_a
340
_b
SET
100
_a
SETH SWATI
245
_a
BAIL & JUDICIAL DISCRETION A STUDY OF JUDICIAL DECISIONS
260
_c
2023
300
_a
86
942
_2
ddc
_c
TH
999
_c
34051
_d
34051